00319nam a2200121Ia 4500008004100000020001800041050001000059050001500069100002500084245005300109260002600162260000900188160319s9999 xx 000 0 und d a9789710729367 a959.9 bB676p 2006 aBoncan, Celestina P. aPhilippine Civilization History and Government / bVibal Pub. House Inc. c2006